HIMPUNAN KISAH (Record no. 2344)

000 -LEADER
fixed length control field nam a22 a 4500
005 - DATE AND TIME OF LATEST TRANSACTION
control field 20170516102735.0
008 - FIXED-LENGTH DATA ELEMENTS--GENERAL INFORMATION
fixed length control field 170516b1998 M ||||| |||| 00| 0 eng d
020 ## - INTERNATIONAL STANDARD BOOK NUMBER
International Standard Book Number 9839234242
040 ## - CATALOGING SOURCE
Original cataloging agency AKMAL
082 ## - DEWEY DECIMAL CLASSIFICATION NUMBER
Classification number 398.20956 HIM
090 ## - LOCALLY ASSIGNED LC-TYPE CALL NUMBER (OCLC); LOCAL CALL NUMBER (RLIN)
Classification number (OCLC) (R) ; Classification number, CALL (RLIN) (NR) 398.20956
Local cutter number (OCLC) ; Book number/undivided call number, CALL (RLIN) HIM
245 ## - TITLE STATEMENT
Title HIMPUNAN KISAH
Remainder of title SERANGGA & BINATANG
Statement of responsibility, etc. MD NUR IMAN M A
260 ## - PUBLICATION, DISTRIBUTION, ETC.
Place of publication, distribution, etc. MALAYSIA
Name of publisher, distributor, etc. DINIE PUBLISHERS
Date of publication, distribution, etc. 1998
300 ## - PHYSICAL DESCRIPTION
Extent 187ms,;
Dimensions 25 cm
942 ## - ADDED ENTRY ELEMENTS (KOHA)
Source of classification or shelving scheme
Koha item type Book
Holdings
Withdrawn status Lost status Source of classification or shelving scheme Damaged status Not for loan Collection code Home library Current library Shelving location Date acquired Inventory number Total Checkouts Full call number Barcode Date last seen Price effective from Koha item type
          FICTION AKMAL Melaka AKMAL Melaka PINJAMAN 16.05.2017 304258   398.20956 HIM 201706626 16.05.2017 16.05.2017 Book
Pusat Sumber Maklumat Dato' Haji Sarmin Md Hussin, Akademi Kastam Diraja Malaysia, Melaka
Tel: 06-2331106 | Faks: 06-2313787